000 00540nam a2200181Ia 4500
003 GCL
008 140319s9999 xx 000 0 ara d
040 _aGCL /
_cGCL
082 0 4 _a812.052
_bس م
100 1 _aمجدى ادوار
245 1 0 _aساعة الحظ ماتتعوضش مسرحية كوميديا استعراضية /
_cمجدى ادوار
300 _a78 ص
490 _a
650 0 4 _aالادب العربى
650 0 4 _aالمسرح العربى
650 0 4 _aالمسرحيات الكوميدية
942 _2ddc
_cBK
999 _c38106
_d38106